| 000 | 00878nam a22002175i 4500 | ||
|---|---|---|---|
| 001 | 48777 | ||
| 003 | ES-MaACL | ||
| 005 | 20230906161822.0 | ||
| 007 | t| | ||
| 008 | 940202m18971904sp a ||||1| spa d | ||
| 040 |
_aCAM _bspa |
||
| 100 | 1 |
_aDieulafoy, Georges. _944635 |
|
| 245 | 1 | 0 |
_aLecciones de clínica médica dadas en el hospital Hotel-Dieu de Paris en el curso de 1896 a 1897 / _cpor G. Dieulafoy ; traducido por Rafael Ulecia y Cardona. |
| 260 |
_aMadrid : _bRevista de Medicina y Cirugía Prácticas, _c1897-1904 ( _fNicolás Moya) |
||
| 300 |
_a4 v. ; _c25 cm. |
||
| 490 | 1 | _aBiblioteca económica de la Revista de Medicina y Cirugía Prácticas | |
| 700 | 1 |
_aUlecia y Cardona, Rafael ( _d1850-1912) _9111917 |
|
| 830 | 0 |
_aBiblioteca económica de la Revista de Medicina y Cirugía Prácticas _9182251 |
|
| 852 |
_aES-MaACL _jB-11022-5 |
||
| 999 |
_c48777 _d48777 |
||